{"text_format":"3","workbook":"xlsx","n_sheets":1,"sheets":["t215"],"read":"whole","date_system":"1900"}

{"sheet":"t215","index":0,"n_rows":184,"n_cols":7,"rows_kept":184,"merged":[[0,0,0,6],[30,0,30,5],[47,0,47,5],[152,0,152,5]]}
["TABELA 215.1 - Estatísticas Agrícolas, Município de Herculândia, Estado de São Paulo, 2007/08."]
["ITEM","UNIDADE","N.DE UPAs","MÍNIMO","MÉDIO","MÁXIMO","TOTAL"]
["Distância à sede do município","km",511,0.2,{"v":8.01,"d":"8.0"},31.4,"-"]
["Área total","hectare",511,1.2,{"v":73.02,"d":"73.0"},{"v":1563.3,"d":"1,563.3"},{"v":37312.3,"d":"37,312.3"}]
["Área com cultura perene","hectare",44,0.2,{"v":10.86,"d":"10.9"},192.7,477.8]
["Área com cultura temporária","hectare",245,0.1,{"v":45.54,"d":"45.5"},{"v":1342.4,"d":"1,342.4"},{"v":11157.4,"d":"11,157.4"}]
["Área com pastagem","hectare",420,0.4,{"v":55.94,"d":"55.9"},{"v":1262.5,"d":"1,262.5"},{"v":23494.4,"d":"23,494.4"}]
["Área com reflorestamento","hectare",111,0.2,{"v":2.98,"d":"3.0"},44.2,330.7]
["Área com vegetação natural","hectare",94,0.3,{"v":6.56,"d":"6.6"},48.4,616.3]
["Área com vegetação de brejo e várzea","hectare",287,0.2,{"v":2.54,"d":"2.5"},71.4,728.7]
["Área em descanso","hectare",7,0.3,{"v":2.59,"d":"2.6"},6.1,18.1]
["Área complementar","hectare",493,0.1,{"v":0.99,"d":"1.0"},36.7,488.9]
["Área das UPAs com (0, 1] ha","hectare","-","-","-","-","-"]
["Área das UPAs com (1, 2] ha","hectare",11,1.2,{"v":1.72,"d":"1.7"},{"v":2,"d":"2.0"},18.9]
["Área das UPAs com (2, 5] ha","hectare",51,2.4,{"v":3.29,"d":"3.3"},{"v":5,"d":"5.0"},167.7]
["Área das UPAs com (5, 10] ha","hectare",59,5.1,{"v":7.57,"d":"7.6"},9.8,446.9]
["Área das UPAs com (10, 20] ha","hectare",75,10.2,{"v":14.73,"d":"14.7"},19.9,{"v":1104.6,"d":"1,104.6"}]
["Área das UPAs com (20, 50] ha","hectare",156,20.1,{"v":32.33,"d":"32.3"},48.9,{"v":5043.1,"d":"5,043.1"}]
["Área das UPAs com (50, 100] ha","hectare",67,{"v":51,"d":"51.0"},{"v":70.04,"d":"70.0"},99.9,{"v":4692.9,"d":"4,692.9"}]
["Área das UPAs com (100, 200] ha","hectare",52,103.8,{"v":135.58,"d":"135.6"},197.4,{"v":7050.1,"d":"7,050.1"}]
["Área das UPAs com (200, 500] ha","hectare",28,200.4,{"v":301.25,"d":"301.3"},456.2,{"v":8435,"d":"8,435.0"}]
["Área das UPAs com (500, 1.000] ha","hectare",9,522.9,{"v":689.04,"d":"689.0"},972.8,{"v":6201.4,"d":"6,201.4"}]
["Área das UPAs com (1.000, 2.000] ha","hectare",3,{"v":1159.3,"d":"1,159.3"},{"v":1383.9,"d":"1,383.9"},{"v":1563.3,"d":"1,563.3"},{"v":4151.7,"d":"4,151.7"}]
["Área das UPAs com (2.000, 5.000] ha","hectare","-","-","-","-","-"]
["Área das UPAs com (5.000, 10.000] ha","hectare","-","-","-","-","-"]
["Área das UPAs acima de 10.000 ha","hectare","-","-","-","-","-"]
["Familiares do proprietário que trabalham na UPA","unidade",503,{"v":1,"d":"1.0"},{"v":1.71,"d":"1.7"},{"v":18,"d":"18.0"},{"v":859,"d":"859.0"}]
["Trabalhadores permanentes","unidade",186,{"v":1,"d":"1.0"},{"v":2.38,"d":"2.4"},{"v":120,"d":"120.0"},{"v":442,"d":"442.0"}]
["Fonte: Secretaria de Agricultura e Abastecimento, CDRS/IEA, Projeto LUPA."]
[]
["TABELA 215.2 - Explorações Animais, Município de Herculândia, Estado de São Paulo, 2007/08."]
["ITEM","UNIDADE","N.DE UPAs","MÍNIMO","MÉDIO","MÁXIMO","TOTAL"]
["Apicultura","colmeias",1,{"v":2,"d":"2.0"},{"v":2,"d":"2.0"},{"v":2,"d":"2.0"},{"v":2,"d":"2.0"}]
["Asininos E Muares","cabeças",16,{"v":1,"d":"1.0"},{"v":3.38,"d":"3.4"},{"v":14,"d":"14.0"},{"v":54,"d":"54.0"}]
["Avestruzes e Ema (Criadouro)","cabeças",2,{"v":12,"d":"12.0"},{"v":29,"d":"29.0"},{"v":46,"d":"46.0"},{"v":58,"d":"58.0"}]
["Avicultura de Corte","cabeças/ano",1,{"v":3,"d":"3.0"},{"v":3,"d":"3.0"},{"v":3,"d":"3.0"},{"v":3,"d":"3.0"}]
["Avicultura para Ovos","cabeças",7,{"v":5000,"d":"5,000.0"},{"v":31785.71,"d":"31,785.7"},{"v":70000,"d":"70,000.0"},{"v":222500,"d":"222,500.0"}]
["Bovinocultura de Corte","cabeças",186,{"v":4,"d":"4.0"},{"v":189.67,"d":"189.7"},{"v":2823,"d":"2,823.0"},{"v":35278,"d":"35,278.0"}]
["Bovinocultura Leiteira","cabeças",18,{"v":1,"d":"1.0"},{"v":81.44,"d":"81.4"},{"v":600,"d":"600.0"},{"v":1466,"d":"1,466.0"}]
["Bovinocultura Mista","cabeças",178,{"v":4,"d":"4.0"},{"v":48.03,"d":"48.0"},{"v":595,"d":"595.0"},{"v":8550,"d":"8,550.0"}]
["Cunicultura","cabeças",3,{"v":2,"d":"2.0"},{"v":3.33,"d":"3.3"},{"v":6,"d":"6.0"},{"v":10,"d":"10.0"}]
["Equinocultura","cabeças",282,{"v":1,"d":"1.0"},{"v":3.33,"d":"3.3"},{"v":30,"d":"30.0"},{"v":938,"d":"938.0"}]
["Ovinocultura","cabeças",30,{"v":16,"d":"16.0"},64.8,{"v":420,"d":"420.0"},{"v":1944,"d":"1,944.0"}]
["Piscicultura","m² tanques",3,{"v":10000,"d":"10,000.0"},{"v":23333.33,"d":"23,333.3"},{"v":40000,"d":"40,000.0"},{"v":70000,"d":"70,000.0"}]
["Suinocultura","cabeças",13,{"v":15,"d":"15.0"},{"v":71.31,"d":"71.3"},{"v":480,"d":"480.0"},{"v":927,"d":"927.0"}]
["Fonte: Secretaria de Agricultura e Abastecimento, CDRS/IEA, Projeto LUPA."]
[]
["TABELA 215.3 -  Máquinas, Implementos e Benfeitorias, Município de Herculândia, Estado de São Paulo, 2007/08."]
["ITEM","UNIDADE","N.DE UPAs","MÍNIMO","MÉDIO","MÁXIMO","TOTAL"]
["Arado Comum (Bacia, Aiveca)","Unidade",95,{"v":1,"d":"1.0"},{"v":1.46,"d":"1.5"},{"v":11,"d":"11.0"},{"v":139,"d":"139.0"}]
["Arado Escarificador","Unidade",28,{"v":1,"d":"1.0"},{"v":1.39,"d":"1.4"},{"v":3,"d":"3.0"},{"v":39,"d":"39.0"}]
["Arado Subsolador","Unidade",5,{"v":1,"d":"1.0"},1.2,{"v":2,"d":"2.0"},{"v":6,"d":"6.0"}]
["Batedeira de Cereais","Unidade",21,{"v":1,"d":"1.0"},1.1,{"v":2,"d":"2.0"},{"v":23,"d":"23.0"}]
["Carregadeira de Cana","Unidade",1,{"v":3,"d":"3.0"},{"v":3,"d":"3.0"},{"v":3,"d":"3.0"},{"v":3,"d":"3.0"}]
["Colhedeira Acoplada","Unidade",25,{"v":1,"d":"1.0"},1.8,{"v":4,"d":"4.0"},{"v":45,"d":"45.0"}]
["Colhedeira Automotriz","Unidade",3,{"v":1,"d":"1.0"},{"v":1,"d":"1.0"},{"v":1,"d":"1.0"},{"v":3,"d":"3.0"}]
["Computador","Unidade",1,{"v":1,"d":"1.0"},{"v":1,"d":"1.0"},{"v":1,"d":"1.0"},{"v":1,"d":"1.0"}]
["Conj.Irrigação Autopropelido","Unidade",1,{"v":1,"d":"1.0"},{"v":1,"d":"1.0"},{"v":1,"d":"1.0"},{"v":1,"d":"1.0"}]
["Conj.Irrigação Convencional","Unidade",8,{"v":1,"d":"1.0"},{"v":1,"d":"1.0"},{"v":1,"d":"1.0"},{"v":8,"d":"8.0"}]
["Conj.Irrigação/Gotejamento/Microaspersão","Unidade",19,{"v":1,"d":"1.0"},{"v":1,"d":"1.0"},{"v":1,"d":"1.0"},{"v":19,"d":"19.0"}]
["Conjunto de Fenação","Unidade",4,{"v":1,"d":"1.0"},{"v":1.25,"d":"1.3"},{"v":2,"d":"2.0"},{"v":5,"d":"5.0"}]
["Desintegrador de Palha (Plantio Direto)","Unidade",2,{"v":1,"d":"1.0"},{"v":1,"d":"1.0"},{"v":1,"d":"1.0"},{"v":2,"d":"2.0"}]
["Desintegrador, Picador, Triturador","Unidade",197,{"v":1,"d":"1.0"},{"v":1.06,"d":"1.1"},{"v":3,"d":"3.0"},{"v":208,"d":"208.0"}]
["Distribuidor de Calcário","Unidade",31,{"v":1,"d":"1.0"},{"v":1,"d":"1.0"},{"v":1,"d":"1.0"},{"v":31,"d":"31.0"}]
["Ensiladeira","Unidade",28,{"v":1,"d":"1.0"},{"v":1.32,"d":"1.3"},{"v":4,"d":"4.0"},{"v":37,"d":"37.0"}]
["Grade Aradora (Tipo Romi)","Unidade",27,{"v":1,"d":"1.0"},{"v":1.19,"d":"1.2"},{"v":4,"d":"4.0"},{"v":32,"d":"32.0"}]
["Grade Niveladora","Unidade",45,{"v":1,"d":"1.0"},{"v":1.22,"d":"1.2"},{"v":3,"d":"3.0"},{"v":55,"d":"55.0"}]
["Implementos para Tração Animal","Unidade",6,{"v":1,"d":"1.0"},{"v":1.67,"d":"1.7"},{"v":5,"d":"5.0"},{"v":10,"d":"10.0"}]
["Microtrator","Unidade",3,{"v":1,"d":"1.0"},{"v":1,"d":"1.0"},{"v":1,"d":"1.0"},{"v":3,"d":"3.0"}]
["Misturador de Ração","Unidade",21,{"v":1,"d":"1.0"},{"v":1.05,"d":"1.1"},{"v":2,"d":"2.0"},{"v":22,"d":"22.0"}]
["Ordenhadeira Mecânica","Unidade",13,{"v":1,"d":"1.0"},{"v":1.23,"d":"1.2"},{"v":4,"d":"4.0"},{"v":16,"d":"16.0"}]
["Pulverizador Tratorizado","Unidade",74,{"v":1,"d":"1.0"},{"v":1.26,"d":"1.3"},{"v":4,"d":"4.0"},{"v":93,"d":"93.0"}]
["Resfriador de Leite, Tanque Expansão","Unidade",21,{"v":1,"d":"1.0"},{"v":1.05,"d":"1.1"},{"v":2,"d":"2.0"},{"v":22,"d":"22.0"}]
["Semeadeira/Adubadeira para Plantio Convencional","Unidade",39,{"v":1,"d":"1.0"},{"v":1.31,"d":"1.3"},{"v":3,"d":"3.0"},{"v":51,"d":"51.0"}]
["Semeadeira/Plantadeira Plantio Direto","Unidade",20,{"v":1,"d":"1.0"},1.2,{"v":2,"d":"2.0"},{"v":24,"d":"24.0"}]
["Terraceador","Unidade",4,{"v":1,"d":"1.0"},{"v":1,"d":"1.0"},{"v":1,"d":"1.0"},{"v":4,"d":"4.0"}]
["Trator de Esteiras","Unidade",2,{"v":1,"d":"1.0"},{"v":1,"d":"1.0"},{"v":1,"d":"1.0"},{"v":2,"d":"2.0"}]
["Trator de Pneus","Unidade",146,{"v":1,"d":"1.0"},{"v":1.51,"d":"1.5"},{"v":7,"d":"7.0"},{"v":220,"d":"220.0"}]
["Açude/Represa","Unidade",154,{"v":1,"d":"1.0"},{"v":1.75,"d":"1.8"},{"v":15,"d":"15.0"},{"v":270,"d":"270.0"}]
["Almoxarifado/Oficina","Unidade",22,{"v":1,"d":"1.0"},{"v":1.09,"d":"1.1"},{"v":2,"d":"2.0"},{"v":24,"d":"24.0"}]
["Armazém para Grãos Ensacados","Sacas",17,{"v":1,"d":"1.0"},{"v":438.94,"d":"438.9"},{"v":3000,"d":"3,000.0"},{"v":7462,"d":"7,462.0"}]
["Balança para Bovinos","Unidade",5,{"v":1,"d":"1.0"},{"v":1,"d":"1.0"},{"v":1,"d":"1.0"},{"v":5,"d":"5.0"}]
["Balança para Veículos","Unidade",2,{"v":1,"d":"1.0"},{"v":1,"d":"1.0"},{"v":1,"d":"1.0"},{"v":2,"d":"2.0"}]
["Barracão para Bicho da Seda/Sirgaria","Unidade",3,{"v":1,"d":"1.0"},{"v":1,"d":"1.0"},{"v":1,"d":"1.0"},{"v":3,"d":"3.0"}]
["Barracão para Granja/Avicultura","Unidade",12,{"v":1,"d":"1.0"},{"v":12.42,"d":"12.4"},{"v":36,"d":"36.0"},{"v":149,"d":"149.0"}]
["Barracão/Galpão/Garagem","Unidade",137,{"v":1,"d":"1.0"},{"v":1.11,"d":"1.1"},{"v":6,"d":"6.0"},{"v":152,"d":"152.0"}]
["Casa de Moradia Habitada","Unidade",282,{"v":1,"d":"1.0"},{"v":1.34,"d":"1.3"},{"v":7,"d":"7.0"},{"v":377,"d":"377.0"}]
["Casa de Moradia Total","Unidade",381,{"v":1,"d":"1.0"},1.7,{"v":14,"d":"14.0"},{"v":648,"d":"648.0"}]
["Curral/Mangueira","Unidade",349,{"v":1,"d":"1.0"},{"v":1.05,"d":"1.1"},{"v":4,"d":"4.0"},{"v":365,"d":"365.0"}]
["Depósito/Tulha","Unidade",206,{"v":1,"d":"1.0"},{"v":1.07,"d":"1.1"},{"v":3,"d":"3.0"},{"v":220,"d":"220.0"}]
["Estábulo","Unidade",51,{"v":1,"d":"1.0"},1.1,{"v":6,"d":"6.0"},{"v":56,"d":"56.0"}]
["Estufa/Plasticultura","m²",15,{"v":1,"d":"1.0"},{"v":1061.4,"d":"1,061.4"},{"v":4000,"d":"4,000.0"},{"v":15921,"d":"15,921.0"}]
["Fábrica de Ração","Unidade",8,{"v":1,"d":"1.0"},{"v":1,"d":"1.0"},{"v":1,"d":"1.0"},{"v":8,"d":"8.0"}]
["Instalações para Equinos","Unidade",8,{"v":1,"d":"1.0"},1.5,{"v":5,"d":"5.0"},{"v":12,"d":"12.0"}]
["Máquina de Benefício","Unidade",1,{"v":1,"d":"1.0"},{"v":1,"d":"1.0"},{"v":1,"d":"1.0"},{"v":1,"d":"1.0"}]
["Pocilga","Unidade",29,{"v":1,"d":"1.0"},1.1,{"v":4,"d":"4.0"},{"v":32,"d":"32.0"}]
["Poço Semi-Artesiano","Unidade",114,{"v":1,"d":"1.0"},{"v":1.04,"d":"1.0"},{"v":3,"d":"3.0"},{"v":119,"d":"119.0"}]
["Secador de Grãos","Unidade",1,{"v":2,"d":"2.0"},{"v":2,"d":"2.0"},{"v":2,"d":"2.0"},{"v":2,"d":"2.0"}]
["Silo para Grãos","t",3,{"v":1,"d":"1.0"},{"v":722.33,"d":"722.3"},{"v":2160,"d":"2,160.0"},{"v":2167,"d":"2,167.0"}]
["Silo para Silagem","t",30,{"v":1,"d":"1.0"},308.9,{"v":1350,"d":"1,350.0"},{"v":9267,"d":"9,267.0"}]
["Terreiro","m²",52,{"v":1,"d":"1.0"},{"v":322.17,"d":"322.2"},{"v":3500,"d":"3,500.0"},{"v":16753,"d":"16,753.0"}]
["Fonte: Secretaria de Agricultura e Abastecimento, CDRS/IEA, Projeto LUPA."]
[]
["TABELA 215.4 - Outras Estatísticas Agrícolas, Município de Herculândia, Estado de São Paulo, 2007/08."]
["ITEM","Número de UPAs",null,"Percentual"]
["Faz Parte de Associação de Produtores",84,null,{"v":16.43835616438356,"d":"16.4"}]
["Faz Parte de Cooperativa de Produtores",382,null,{"v":74.75538160469668,"d":"74.8"}]
["Faz Parte do Sindicato de Produtores",115,null,{"v":22.504892367906066,"d":"22.5"}]
["Não utiliza assistência técnica ",101,null,{"v":19.765166340508806,"d":"19.8"}]
["Utiliza somente assistência técnica governamental ",313,null,{"v":61.25244618395303,"d":"61.3"}]
["Utiliza somente assistência técnica privada ",12,null,{"v":2.3483365949119372,"d":"2.3"}]
["Utiliza assistência técnica tanto governamental quanto privada",85,null,{"v":16.634050880626223,"d":"16.6"}]
["Utiliza Crédito Rural",19,null,{"v":3.7181996086105675,"d":"3.7"}]
["Utiliza Seguro Rural",5,null,{"v":0.9784735812133072,"d":"1.0"}]
["Utiliza Escrituração Agrícola",46,null,{"v":9.001956947162427,"d":"9.0"}]
["Acessa Internet p/ Fins na Agropecuária",24,null,{"v":4.696673189823875,"d":"4.7"}]
["Utiliza Computador nas Atividades Agropecuárias",18,null,{"v":3.5225048923679063,"d":"3.5"}]
["Utiliza Energia Elétrica Para Uso na Atividade Agrícola",357,null,{"v":69.86301369863014,"d":"69.9"}]
["Realiza Análise de Solo, quando necessário",167,null,{"v":32.681017612524464,"d":"32.7"}]
["Utiliza Práticas de Conservação de Solo, quando necessário",433,null,{"v":84.7358121330724,"d":"84.7"}]
["Faz Adubação Mineral, quando necessário",291,null,{"v":56.947162426614476,"d":"56.9"}]
["Faz Adubação Orgânica, quando necessário",236,null,{"v":46.183953033268104,"d":"46.2"}]
["Faz Adubação Verde, quando necessário",16,null,{"v":3.1311154598825834,"d":"3.1"}]
["Utiliza Manejo Integrado de Pragas (MIP)","-",null,"-"]
["Utiliza Hidroponia","-",null,"-"]
["Utiliza Plasticultura",3,null,{"v":0.5870841487279844,"d":"0.6"}]
["Utiliza Mudas Fiscalizadas",49,null,{"v":9.58904109589041,"d":"9.6"}]
["Utiliza Semente Melhorada",100,null,{"v":19.569471624266143,"d":"19.6"}]
["Faz Confinamento de Bovinos",26,null,{"v":5.088062622309198,"d":"5.1"}]
["Utiliza Pastejo Intensivo",65,null,{"v":12.720156555772993,"d":"12.7"}]
["Faz Inseminação Artificial",12,null,{"v":2.3483365949119377,"d":"2.3"}]
["Faz Mineralização do Rebanho",342,null,{"v":66.92759295499022,"d":"66.9"}]
["Faz Vermifugação do Rebanho",342,null,{"v":66.92759295499022,"d":"66.9"}]
["Possui Parceiros /Arrendatários na Exploração Animal",52,null,{"v":10.176125244618396,"d":"10.2"}]
["Esporte e lazer",2,null,{"v":0.39138943248532293,"d":"0.4"}]
["Extração mineral","-",null,"-"]
["Hotel Fazenda, Pousada ou SPA","-",null,"-"]
["Pesque-pague","-",null,"-"]
["Restaurante ou Lanchonete","-",null,"-"]
["Transformação artesanal","-",null,"-"]
["Turismo rural ou ecoturismo","-",null,"-"]
["Outras atividades econômicas rurais","-",null,"-"]
["Agroindústria","-",null,"-"]
["Proprietário sem instrução ou com instrução incompleta",58,null,{"v":11.350293542074365,"d":"11.4"}]
["Proprietário com antigo primário completo",146,null,{"v":28.57142857142857,"d":"28.6"}]
["Proprietário com 1° grau (ou antigo ginasial) completo",39,null,{"v":7.632093933463797,"d":"7.6"}]
["Proprietário com 2° grau (ou antigo colegial) completo",139,null,{"v":27.20156555772994,"d":"27.2"}]
["Proprietário com curso superior completo ",127,null,{"v":24.853228962818005,"d":"24.9"}]
["Pessoa Jurídica",2,null,{"v":0.39138943248532293,"d":"0.4"}]
["Proprietário residente na própria UPA ",93,null,{"v":18.199608610567513,"d":"18.2"}]
["Fonte: Secretaria de Agricultura e Abastecimento, CDRS/IEA, Projeto LUPA."]
[]
["TABELA 215.5 - Área Cultivada, Município de Herculândia, Estado de São Paulo, 2007/08."]
["CULTURA","N.DE UPAs","MÍNIMO","MÉDIO","MÁXIMO","TOTAL"]
["Braquiaria",419,0.4,{"v":55.96,"d":"56.0"},{"v":1262.5,"d":"1,262.5"},{"v":23448.8,"d":"23,448.8"}]
["Cana-de-acucar",156,0.2,{"v":49.66,"d":"49.7"},{"v":1342.4,"d":"1,342.4"},{"v":7747.3,"d":"7,747.3"}]
["Amendoim",42,3.3,{"v":57.63,"d":"57.6"},327.1,{"v":2420.6,"d":"2,420.6"}]
["Mandioca",21,{"v":2,"d":"2.0"},{"v":25.09,"d":"25.1"},108.9,526.8]
["Eucalipto",110,0.2,{"v":2.98,"d":"3.0"},44.2,328.3]
["Seringueira",7,2.4,{"v":26.13,"d":"26.1"},129.7,182.9]
["Cafe",22,0.2,{"v":6.02,"d":"6.0"},{"v":63,"d":"63.0"},132.4]
["Milho",11,1.2,{"v":11.85,"d":"11.9"},60.5,130.3]
["Sorgo",2,{"v":6,"d":"6.0"},{"v":57.45,"d":"57.5"},108.9,114.9]
["Melancia",5,4.8,17.4,43.5,{"v":87,"d":"87.0"}]
["Viveiro de flores e ornamentais",24,0.8,{"v":3.37,"d":"3.4"},11.9,80.8]
["Macadamia (ou noz-macadamia)",1,52.5,52.5,52.5,52.5]
["Coco-da-baia",11,{"v":1,"d":"1.0"},{"v":4.01,"d":"4.0"},13.8,44.1]
["Sorgo-forrageiro",2,19.1,20.4,21.7,40.8]
["Abacate",2,1.2,{"v":12.95,"d":"13.0"},24.7,25.9]
["Manga",8,0.2,{"v":2.86,"d":"2.9"},7.5,22.9]
["Mamao",1,{"v":21,"d":"21.0"},{"v":21,"d":"21.0"},{"v":21,"d":"21.0"},{"v":21,"d":"21.0"}]
["Abobora (ou jerimum)",1,12.1,12.1,12.1,12.1]
["Serigüela",1,10.5,10.5,10.5,10.5]
["Outros viveiros",4,1.8,{"v":2.13,"d":"2.1"},2.4,8.5]
["Capim-napier (ou capim-elefante)",4,1.2,1.2,1.2,4.8]
["Outras olericolas",1,3.6,3.6,3.6,3.6]
["Milho-silagem",1,3.5,3.5,3.5,3.5]
["Viveiro de frutiferas em geral",2,{"v":1,"d":"1.0"},1.5,{"v":2,"d":"2.0"},{"v":3,"d":"3.0"}]
["Viveiro de florestais",1,2.4,2.4,2.4,2.4]
["Maracuja",1,{"v":2,"d":"2.0"},{"v":2,"d":"2.0"},{"v":2,"d":"2.0"},{"v":2,"d":"2.0"}]
["Lichia",1,1.8,1.8,1.8,1.8]
["Tomate envarado",5,0.1,{"v":0.16,"d":"0.2"},0.2,0.8]
["Pepino",1,0.2,0.2,0.2,0.2]
["Fonte: Secretaria de Agricultura e Abastecimento, CDRS/IEA, Projeto LUPA."]